01376nam a2200265 a 450000100100000000500170001000800410002702000180006804000250008608200200011110000370013124500380016826000980020630000210030459000260032565000280035165000310037991000420041095201330045295201330058595201330071895201180085195201240096999900170109300001474520240412074241.0100120s2007 dr r 001 0 spa d z9789945420272 aDO-SdBNPbspacBNPHU aRD861.44bM516m1 aMejía, Franklin,d1964-93343010aMateria gris /cFranklin Mejía. aSan Francisco de Macorís, República Dominicana :bNacional :bÁngeles de Fierro,c2007. a126 p. ;c22 cm. aInventariado, 2018/BT 0aPoesía dominicana966 0aLiteratura dominicana.967 aValidado. Control de calidad. MMOLINA 001054708DSaGRbGRcHDd2010-01-20iLF1l0oRD861.44 M516mp14745-30r2020-06-25te. 3w2020-06-25yLFDSZPréstamo en sala 001054708DSaGRbGRcHDd2010-01-20iLF1l0oRD861.44 M516mp14745-40r2020-06-25te. 4w2020-06-25yLFDSZPréstamo en sala 001054708DSaGRbGRcHDd2010-01-20iLF1l0oRD861.44 M516mp14745-50r2020-06-25te. 5w2020-06-25yLFDSZPréstamo en sala 0010718PDaPDbPDcHDd2010-01-20iLF1l0oRD861.44 M516mp14745-10r2020-06-25w2020-06-25yLFPDZNo se presta 0010718PDaPDbPDcHDd2010-01-20iLF1l0oRD861.44 M516mp14745-20r2020-06-25te. 2w2020-06-25yLFPDZNo se presta c14328d14328